000 00631 a2200181 4500
020 _a0534370144
020 _a9780534370145
082 0 4 _a620.00151
090 _c568
_d568
100 1 _aSchilling, Robert J.
245 1 0 _aApplied numerical methods for engineers using matlab and c /
_cRobert J. Schilling, Sandra L Harris.
250 _a1st ed.
260 _a[S.l.] :
_bCL-Engineering,
_c2000
300 _a740 p. ;
_c25 cm.
700 1 _aHarris, Sandra L.
942 _aSNS
_cBK
_k620.00151 SCH
999 _c330362
_d330362